Rasgos geológicos generales de las sierras pampeanas, (Record no. 25686)

MARC details
000 -LEADER
fixed length control field 00813cam a22002291 4500
001 - CONTROL NUMBER
control field gs 16000499
003 - CONTROL NUMBER IDENTIFIER
control field DLC
005 - DATE AND TIME OF LATEST TRANSACTION
control field 20260227111319.0
008 - FIXED-LENGTH DATA ELEMENTS--GENERAL INFORMATION
fixed length control field 891014s1916 ag 000 0 spa
010 ## - LIBRARY OF CONGRESS CONTROL NUMBER
LC control number gs 16000499
035 ## - SYSTEM CONTROL NUMBER
System control number (OCoLC)20493418
040 ## - CATALOGING SOURCE
Original cataloging agency DLC
Transcribing agency CU
Modifying agency CU
-- DLC
042 ## - AUTHENTICATION CODE
Authentication code premarc
050 00 - LIBRARY OF CONGRESS CALL NUMBER
Classification number QE231
Item number .A3 no. 13
100 1# - MAIN ENTRY--PERSONAL NAME
Personal name Rassmuss, Juan.
245 00 - TITLE STATEMENT
Title Rasgos geológicos generales de las sierras pampeanas,
Statement of responsibility, etc. por el doctor J. Rassmuss ...
260 ## - PUBLICATION, DISTRIBUTION, ETC.
Place of publication, distribution, etc. Buenos Aires,
Name of publisher, distributor, etc. Talleres gráficos del Ministerio de agricultura de la nación,
Date of publication, distribution, etc. 1916.
300 ## - PHYSICAL DESCRIPTION
Extent 18 p.
Dimensions 27 cm.
410 10 - SERIES STATEMENT/ADDED ENTRY--CORPORATE NAME [OBSOLETE, CAN/MARC], [LOCAL, USA]
Corporate name or jurisdiction name as entry element Argentina.
Subordinate unit Dirección General de Minas y Geología.
Title of a work Boletin
Volume number/sequential designation no. 13. ser. B. (Geologia)
500 ## - GENERAL NOTE
General note At head of title: Ministerio de agricultura de la nación.
650 #0 - SUBJECT ADDED ENTRY--TOPICAL TERM
Topical term or geographic name entry element Geology
Geographic subdivision Argentina.

No items available.

Powered by Koha